Habilidades gerenciales Visin̤ globalizada del proceso administrativo /

Detalles Bibliográficos
Autor principal: Maldonado Pinto, Jorge Enrique
Formato: eBook
Lenguaje:español
Publicado: Bogot:̀ Ediciones de la U, 2018
Materias:
Acceso en línea:Acceso restringido

MARC

LEADER 00000nam a22000007a 4500
005 2019111509349.0
007 cr|||| |||
008 191115s2018 co |||||s|||| 00||0 spa d
020 |a 978-958-762-871-5 
035 |a 30673 
040 |a vLex 
090 |c 10036  |d 10036 
100 1 |a Maldonado Pinto, Jorge Enrique 
245 1 0 |a Habilidades gerenciales  |h [Recurso electrn̤ico] :  |b Visin̤ globalizada del proceso administrativo /  |c Jorge Enrique Maldonado Pinto 
256 |a Servicio en ln̕ea 
260 |a Bogot:̀  |b Ediciones de la U,  |c 2018 
300 |a 1 recurso electrn̤ico 
500 |a La gerencia actual se enfrenta a la globalizacin̤ como realidad de nuestros tiempos, para ello debe realizar alianzas estratǧicas con sentido crt̕ico con el objeto de abastecer grandes mercados. La simplificacin̤ de las distancias en el da̕ a da̕ empresarial, las velocidades de negociacin̤ que nos proporcionan las multiredes, el sentido de la oportunidad en la correcta evaluacin̤ de situaciones especf̕icas de mercado, entre otras importantes variables de la gestin̤ empresarial, requieren poner en prc̀tica las herramientas gerenciales para la toma de decisiones y el logro de los objetivos organizacionales. Priorizar estrategias debe ser un props̤ito fundamental de la gerencia, por esta razn̤, adems̀ de abordar los temas anteriores de manera clara y estructurada, la obra presenta el Anl̀isis Estructural como mťodo para lograrlo. 
506 1 |a Disponible solo en los productos indicados  |d vLex Global  |d vLex Global (Academic Edition, excluding Law Schools)  |d vLex Global (U.S. Academic Edition, Law Schools)  |d vLex Global (U.S. Academic Edition, excluding Law Schools)  |d vLex Global (Academic Edition, Law Schools) 
650 0 4 |a Derecho Mercantil y de la Empresa  |z Colombia 
740 0 |a vLex Libros (Servicio en ln̕ea) 
856 4 0 |u http://vlex.com/source/habilidades-gerenciales-vision-globalizada-del-proceso-administrativo-30673  |z Acceso restringido 
942 |c BOOK 
999 0 |a Commercial and Business Law